Samagra Prapanchada Ithihasa ಸಮಗ್ರ ಪ್ರಪಂಚದ ಇತಿಹಾಸ (Record no. 221892)
[ view plain ]
| 000 -LEADER | |
|---|---|
| fixed length control field | 00857nam a22002057a 4500 |
| 005 - DATE AND TIME OF LATEST TRANSACTION | |
| control field | 20220315145251.0 |
| 008 - FIXED-LENGTH DATA ELEMENTS--GENERAL INFORMATION | |
| fixed length control field | 220315b ||||| |||| 00| 0 eng d |
| 020 ## - INTERNATIONAL STANDARD BOOK NUMBER | |
| International Standard Book Number | 9789386274328 |
| 040 ## - CATALOGING SOURCE | |
| Transcribing agency | AL |
| 041 ## - LANGUAGE CODE | |
| Language code of text/sound track or separate title | Kannada |
| 082 ## - DEWEY DECIMAL CLASSIFICATION NUMBER | |
| Edition number | 23 |
| Classification number | 909K |
| Item number | ASWS |
| 100 ## - MAIN ENTRY--PERSONAL NAME | |
| Personal name | K N Aswathappa ಕೆ ಎನ್ ಅಶ್ವಥಪ್ಪ |
| 100 ## - MAIN ENTRY--PERSONAL NAME | |
| 9 (RLIN) | 23734 |
| 245 ## - TITLE STATEMENT | |
| Title | Samagra Prapanchada Ithihasa ಸಮಗ್ರ ಪ್ರಪಂಚದ ಇತಿಹಾಸ |
| Remainder of title | ಆರಂಭದಿಂದ ಕ್ರಿ .ಶ. 2015 ರವರೆಗೆ |
| 260 ## - PUBLICATION, DISTRIBUTION, ETC. | |
| Place of publication, distribution, etc. | Bengaluru |
| Name of publisher, distributor, etc. | Sapna Book House |
| Date of publication, distribution, etc. | 2021 |
| 300 ## - PHYSICAL DESCRIPTION | |
| Extent | 1521 p. |
| Other physical details | HB |
| Dimensions | 25x18.5 cm. |
| 365 ## - TRADE PRICE | |
| Price type code | 6319 |
| Price amount | ₹880.00 |
| Currency code | ₹ |
| Unit of pricing | ₹1100.00 |
| Price note | 20% |
| Price effective from | 08-03-2022 |
| 650 ## - SUBJECT ADDED ENTRY--TOPICAL TERM | |
| Topical term or geographic name entry element | Samagra Prapanchada Ithihasa ಸಮಗ್ರ ಪ್ರಪಂಚದ ಇತಿಹಾಸ |
| 9 (RLIN) | 23735 |
| 700 ## - ADDED ENTRY--PERSONAL NAME | |
| Personal name | ಅಶ್ವಥಪ್ಪ (ಕೆ ಎನ್ ) |
| 9 (RLIN) | 23736 |
| 942 ## - ADDED ENTRY ELEMENTS (KOHA) | |
| Source of classification or shelving scheme | Dewey Decimal Classification |
| Koha item type | Book |
| Withdrawn status | Lost status | Source of classification or shelving scheme | Damaged status | Not for loan | Collection code | Home library | Current library | Date acquired | Source of acquisition | Cost, normal purchase price | Total Checkouts | Full call number | Barcode | Date last seen | Cost, replacement price | Price effective from | Koha item type |
|---|---|---|---|---|---|---|---|---|---|---|---|---|---|---|---|---|---|
| Dewey Decimal Classification | Reference Book | History | St Aloysius Library | St Aloysius Library | 03/09/2022 | Biblios Book Point | 880.00 | 909K ASWS | 075609 | 03/15/2022 | 1100.00 | 03/15/2022 | Book |